00354cam a22001217a 4500008004000000082001800040100001700058245007400075260002700149300001000176650002100186650002500207180718b1961 xxu||||| |||| 00| 0 eng d aA99 K422/D378 aDelf, George aJomo Kenyatta: towards truth about the light of Kenyacby George Delf aLondonbGollanczc1961 a223p. aKenya - Politics aKenyatta, Jomo, 1893